[Event "3rd Alicante it"]
[Site "Alicante ESP"]
[Date "1975.12.06"]
[Round "1"]
[White "Fraguela Gil, Jose Miguel"]
[Black "Durao, Joaquim Manuel"]
[Result "0-1"]
[WhiteElo "2390"]
[BlackElo "2350"]
[EventDate "1975.12.06"]
[PlyCount "96"]

1.d4 Nf6 2.c4 g6 3.Nc3 Bg7 4.e4 d6 5.f3 O-O 6.Be3 b6 7.Bd3 a6 8.e5 Ne8 9.
Be4 Ra7 10.f4 c5 11.dxc5 bxc5 12.Bxc5 Rd7 13.Qb3 dxc5 14.Qxb8 Nd6 15.Bc6 
Nxc4 16.Bxd7 Qxd7 17.Rd1 Qg4 18.g3 g5 19.Qb3 Ne3 20.Nd5 Qxd1+ 21.Qxd1 Nxd1
22.Nxe7+ Kh8 23.Nxc8 Nxb2 24.Nd6 gxf4 25.gxf4 Nd3+ 26.Kd2 Nxf4 27.Nf3 Ng6 
28.Nc4 Re8 29.Re1 Kg8 30.Kd3 Rb8 31.Rc1 f6 32.exf6 Bxf6 33.Ke4 Re8+ 34.Kf5
Bg7 35.Ncd2 Bh6 36.Rxc5 Bxd2 37.Nxd2 Re2 38.Ne4 Rxh2 39.Nf6+ Kf7 40.Ne4 
Ne7+ 41.Ke5 Rxa2 42.Ng5+ Kg6 43.Nxh7 Kxh7 44.Kd6 Ng8 45.Rc7+ Kg6 46.Ra7 
Kf6 47.Kc6 Ne7+ 48.Kc5 Rc2+ 0-1

[Event "3rd Alicante it"]
[Site "Alicante ESP"]
[Date "1975.12.06"]
[Round "1"]
[White "Hartston, William Roland"]
[Black "Rodriguez Vargas, Orestes"]
[Result "1/2-1/2"]
[WhiteElo "2475"]
[BlackElo "2435"]
[EventDate "1975.12.06"]
[PlyCount "37"]

1.e4 c5 2.Nf3 Nc6 3.d4 cxd4 4.Nxd4 Nf6 5.Nc3 d6 6.Bc4 Qb6 7.Nb3 e6 8.O-O 
Be7 9.Be3 Qc7 10.a4 O-O 11.f4 d5 12.Bd3 dxe4 13.Nxe4 Nb4 14.Nxf6+ Bxf6 15.
c3 Nd5 16.Qf3 Nxe3 17.Qxe3 g6 18.a5 Bd7 19.Nc5 1/2-1/2

[Event "3rd Alicante it"]
[Site "Alicante ESP"]
[Date "1975.12.06"]
[Round "1"]
[White "Ochoa de Echaguen Estibalez, Francisco Javier"]
[Black "Keene, Raymond Dennis"]
[Result "0-1"]
[WhiteElo "2200"]
[BlackElo "2505"]
[EventDate "1975.12.06"]
[PlyCount "56"]

1.e4 e6 2.b3 c5 3.Bb2 Nf6 4.e5 Nd5 5.Nf3 Be7 6.c4 Nb4 7.Nc3 O-O 8.Be2 f6 
9.O-O fxe5 10.Nxe5 N8c6 11.Nf3 Bf6 12.a3 Na6 13.Qc2 b6 14.Nb5 Nc7 15.Bxf6 
Rxf6 16.Nd6 Qe7 17.Ne4 Rg6 18.Bd3 Bb7 19.Ng3 Rh6 20.Rae1 Qf6 21.Be4 Rf8 
22.Bxc6 Bxc6 23.Ne5 Qh4 24.f3 Qxh2+ 25.Kf2 Rh3 26.Ne4 Qxe5 27.gxh3 Qh2+ 
28.Ke3 d5 0-1

[Event "3rd Alicante it"]
[Site "Alicante ESP"]
[Date "1975.12.06"]
[Round "1"]
[White "Palacios de la Prida, Ernesto"]
[Black "Westerinen, Heikki"]
[Result "0-1"]
[WhiteElo "2330"]
[BlackElo "2475"]
[EventDate "1975.12.06"]
[PlyCount "78"]

1.e4 e6 2.d3 c5 3.c3 Nc6 4.f4 d5 5.Qc2 b6 6.Nf3 Ba6 7.Nbd2 Qd7 8.Qa4 Qb7 
9.Be2 Nf6 10.e5 Nd7 11.O-O Be7 12.a3 f6 13.b4 b5 14.Qc2 Rc8 15.bxc5 Nxc5 
16.d4 Ne4 17.Rb1 O-O 18.Qb2 Qb6 19.Kh1 f5 20.Nxe4 fxe4 21.Ne1 Na5 22.Bd2 
b4 23.Bxa6 Qxa6 24.Nc2 Nc4 25.Qc1 b3 26.Nb4 Qa4 27.f5 a5 28.f6 axb4 29.Bh6
gxh6 30.Qxh6 Bxf6 31.exf6 Qd7 32.Rf4 Kh8 33.cxb4 b2 34.Rbf1 Rf7 35.g4 Nd2 
36.g5 Rg8 37.Rh4 Nxf1 38.g6 Rxg6 39.Qxg6 b1=Q 0-1

[Event "3rd Alicante it"]
[Site "Alicante ESP"]
[Date "1975.12.06"]
[Round "1"]
[White "Sanz Alonso, Francisco Javier"]
[Black "O'Kelly de Galway, Alberic"]
[Result "1-0"]
[WhiteElo "2320"]
[BlackElo "2445"]
[EventDate "1975.12.06"]
[PlyCount "83"]

1.c4 Nf6 2.g3 e6 3.Bg2 d5 4.Nf3 Be7 5.O-O O-O 6.d4 c6 7.b3 b6 8.Bb2 Nbd7 
9.Nc3 Bb7 10.Nd2 c5 11.cxd5 cxd4 12.Nb5 Bxd5 13.Bxd5 Nxd5 14.Nxd4 Rc8 15.
Rc1 Nb8 16.Nc4 Qd7 17.e4 Nf6 18.e5 Nd5 19.Qf3 Rfd8 20.Rcd1 a6 21.Nf5 exf5 
22.Ne3 Qe6 23.Nxd5 Bf8 24.Rd2 b5 25.Rfd1 Kh8 26.Nc7 Qe7 27.Nd5 Qg5 28.Ne3 
Rxd2 29.Rxd2 Rd8 30.h4 Qe7 31.Nxf5 Qc7 32.Nd6 Kg8 33.Qd5 h6 34.Ba3 Qd7 35.
Rc2 Qe6 36.Qxe6 fxe6 37.Rc7 Kh7 38.h5 a5 39.Nxb5 Bxa3 40.Nxa3 Rd2 41.Rc2 
Rd5 42.Nc4 1-0

[Event "3rd Alicante it"]
[Site "Alicante ESP"]
[Date "1975.12.07"]
[Round "2"]
[White "Durao, Joaquim Manuel"]
[Black "Sanz Alonso, Francisco Javier"]
[Result "1-0"]
[WhiteElo "2350"]
[BlackElo "2320"]
[EventDate "1975.12.06"]
[PlyCount "59"]

1.e4 c5 2.Nf3 e6 3.d4 cxd4 4.Nxd4 Nc6 5.Nc3 a6 6.g3 Nge7 7.Nb3 Na5 8.Bg2 
Nec6 9.O-O Be7 10.f4 O-O 11.Nd2 Nd4 12.Ncb1 d5 13.c3 Ndc6 14.b4 Nc4 15.
Nxc4 dxc4 16.a4 Rb8 17.Be3 b5 18.Qe2 g6 19.Nd2 Qc7 20.e5 f6 21.exf6 Bxf6 
22.Ne4 Bg7 23.Bc5 Rd8 24.Rfd1 Ne7 25.axb5 axb5 26.Ra7 Rxd1+ 27.Qxd1 Rb7 
28.Ra8 Nf5 29.Ng5 Rb8 30.Rxb8 1-0

[Event "3rd Alicante it"]
[Site "Alicante ESP"]
[Date "1975.12.07"]
[Round "2"]
[White "Keene, Raymond Dennis"]
[Black "Pomar Salamanca, Arturo"]
[Result "1/2-1/2"]
[WhiteElo "2505"]
[BlackElo "2450"]
[EventDate "1975.12.06"]
[PlyCount "24"]

1.Nf3 Nf6 2.c4 b6 3.d4 Bb7 4.Nc3 e6 5.a3 Ne4 6.Nxe4 Bxe4 7.Bf4 Bxf3 8.gxf3
Bd6 9.Bg3 f5 10.f4 Nc6 11.Bg2 O-O 12.b4 g5 1/2-1/2

[Event "3rd Alicante it"]
[Site "Alicante ESP"]
[Date "1975.12.07"]
[Round "2"]
[White "O'Kelly de Galway, Alberic"]
[Black "Ochoa de Echaguen Estibalez, Francisco Javier"]
[Result "1-0"]
[WhiteElo "2445"]
[BlackElo "2200"]
[EventDate "1975.12.06"]
[PlyCount "77"]

1.c4 f5 2.g3 Nf6 3.Bg2 g6 4.Nf3 Bg7 5.O-O O-O 6.d4 d6 7.Nbd2 Nc6 8.d5 Ne5 
9.Nd4 Bd7 10.Qb3 Rb8 11.f4 Nf7 12.Qd3 c5 13.Nc2 b5 14.Rb1 bxc4 15.Nxc4 Ne4
16.Bd2 e5 17.Ba5 Qc8 18.b3 exf4 19.gxf4 Re8 20.a4 Re7 21.N2a3 Qa6 22.Be1 
Bf6 23.Kh1 Qc8 24.Na5 Qe8 25.N3c4 Kh8 26.Rd1 g5 27.fxg5 Nfxg5 28.Nc6 Bxc6 
29.dxc6 Qg6 30.Qd5 Re5 31.Nxe5 Bxe5 32.Bxe4 Nxe4 33.Rg1 Qh5 34.Rg2 Nf6 35.
c7 Rc8 36.Qxe5 dxe5 37.Rd8+ Qe8 38.Rxe8+ Rxe8 39.Bh4 1-0

[Event "3rd Alicante it"]
[Site "Alicante ESP"]
[Date "1975.12.07"]
[Round "2"]
[White "Palacios de la Prida, Ernesto"]
[Black "Fraguela Gil, Jose Miguel"]
[Result "1-0"]
[WhiteElo "2330"]
[BlackElo "2390"]
[EventDate "1975.12.06"]
[Annotator "Toran,Roman"]
[PlyCount "71"]

1.f4 {[La apertura Bird -tambi ¿½n llamada Holandesa-, uno de los esquemas
favoritos del sevillano, que tiene un particular ¿½simo repertorio de 
planteos. ]} 1...Nf6 2.Nf3 g6 3.g3 Bg7 4.Bg2 O-O 5.O-O d5 {[Con colores 
cambiados y, consecuentemente, con un tiempo de ventaja, las blancas est 
¿½n jugando una defensa holandesa, con la variante Leningrado, que guarda 
algunos puntos de contacto con la defensa india de rey. ]} 6.d3 b6 ( {La 
alternativa es} 6...c5 7.Nc3 Nc6 ) 7.Nc3 Bb7 8.Nh4 ( {Interesante es, 
igualmente, el plan} 8.e4 dxe4 9.Nd2 $1 $14 {, que las blancas jugaron con
¿½xito en una partida Tor ¿½n - Saborido hace ya m ¿½s de veinte a@nte os.
Palacios, en cambio, se lanza decidido al ataque sobre el enroque, 
preparando la ruptura tem ¿½tica del pe ¿½n a "f5", como base del mismo.} 
) 8...Nbd7 9.f5 Nc5 10.e3 e5 $5 {[Una jugada activa, si bien peligrosa, 
pues debilita la casilla "f6" y deja algo vulnerable el enroque. De 
cualquier modo, aunque las negras colocaron sus piezas para evitar el 
avance del pe ¿½n a "e4", no tienen ahora un camino claro a seguir. ]} 11.
b4 $1 {[Reduciendo el campo de acci ¿½n de las piezas enemigas. ]} 11...
Na6 12.a3 c5 13.Rb1 Rb8 14.Ne2 $1 {[Para pasar las piezas al flanco de 
rey, donde lentamente Palacios va preparando su plan, y liberar la 
diagonal a1-h8 para su alfil. (î€� Ab2). ]} 14...e4 $5 {[Sigue la acci ¿½n
central, pero cede la casilla "f4" al caballo blanco de la columna "d", 
excelente trampol ¿½n para pasar al ataque. ]} 15.fxg6 hxg6 ( {Si} 15...
fxg6 $2 16.Nf4 $1 {, amenazando Ce6.} ) 16.Bb2 Nc7 17.bxc5 bxc5 18.dxe4 
Nxe4 {[Las negras tienen que aliviar la presi ¿½n sobre "f6", pero a costa
del cambio de su alfil del flanco rey, que es el mejor defensor del 
enroque. ]} 19.Bxg7 Kxg7 20.Bxe4 $1 $14 {[Elimina otra pieza eficaz de las
negras, tras lo cual el ataque blanco sobre el enroque ser ¿½ fort ¿½simo.
]} 20...dxe4 21.Qe1 $1 Nd5 ( {Probablemente, mejor era,} 21...Ne6 $5 ) 22.
c4 $1 Nb6 ( {Pero no} 22...Nxe3 $2 23.Qc3+ ) 23.Qc3+ Kg8 24.Nf4 $1 Qg5 25.
Nh3 Qg4 26.Rf6 $1 $16 {[El comienzo de un espectacular ataque combinativo 
contra el mal protegido enroque. ]} 26...Qxh3 ( {Si} 26...Nd7 27.Nf2 Qh5 
28.Rd6 $16 {, con fuerte presi ¿½n.} ) 27.Nxg6 $1 Rfe8 ( {Si} 27...fxg6 
28.Rxg6+ Kf7 29.Qg7+ $1 Ke8 30.Qe5+ $18 {con r ¿½pido triunfo.} ) 28.Rbf1 
$1 Qh7 29.Ne5 $1 Na4 30.Qa1 $1 $18 Re7 31.Ng4 {[Todas las piezas blancas 
colaboran en el ataque, mientras que las negras no pueden acudir a 
proteger el ala de rey. La lucha est ¿½ decidida. ]} 31...Rd8 32.Rh6 Qg7 
33.Nf6+ Kf8 34.Rh7 Qg5 35.Rh8+ Kg7 36.Ne8+ ( 36.Ne8+ {y las negras 
abandonaron, ante} 36...Kg6 37.Qg7# {. Una t ¿½pica partida del maestro 
nacional Palacios, conducida con sutil estilo t ¿½ctico.} ) 1-0

[Event "3rd Alicante it"]
[Site "Alicante ESP"]
[Date "1975.12.07"]
[Round "2"]
[White "Tatai, Stefano"]
[Black "Hartston, William Roland"]
[Result "1-0"]
[WhiteElo "2455"]
[BlackElo "2475"]
[EventDate "1975.12.06"]
[PlyCount "117"]

1.e4 c5 2.Nf3 e6 3.d4 cxd4 4.Nxd4 Nc6 5.Nc3 a6 6.g3 d6 7.Bg2 Nge7 8.Nb3 b5
9.f4 Ng6 10.Be3 Be7 11.e5 Qc7 12.a4 b4 13.exd6 Bxd6 14.Ne4 Be7 15.Qf3 Nd8 
16.Nd6+ Bxd6 17.Qxa8 O-O 18.O-O-O Bb7 19.Bxb7 Nxb7 20.Qxa6 Rc8 21.Rd2 Ne7 
22.Qb6 Qb8 23.Rhd1 Rc6 24.Qa7 Qc8 25.Kb1 Nd5 26.Rxd5 exd5 27.Rd2 Nd8 28.
Rxd5 Ne6 29.Bd2 Ra6 30.Qe3 Qc6 31.Ra5 Rxa5 32.Nxa5 Qxa4 33.Nb3 Qc6 34.Qe1 
Qb5 35.Be3 h5 36.Qd1 Bf8 37.Qf3 g6 38.Nd4 Nxd4 39.Bxd4 Qc4 40.Qd3 Qd5 41.
Qe3 Qa8 42.Qg1 Qe4 43.b3 Bg7 44.Bxg7 Kxg7 45.Kb2 h4 46.Qc5 f5 47.Qc7+ Kh6 
48.Qd8 Kg7 49.Qd3 Qe8 50.Qd4+ Kh7 51.gxh4 Qe2 52.h3 Qe8 53.Qf6 Qe4 54.Qe5 
Qb7 55.h5 Qd7 56.h6 Kxh6 57.Qh8+ Qh7 58.Qxh7+ Kxh7 59.c4 1-0

[Event "3rd Alicante it"]
[Site "Alicante ESP"]
[Date "1975.12.07"]
[Round "2"]
[White "Westerinen, Heikki"]
[Black "Rodriguez Vargas, Orestes"]
[Result "1/2-1/2"]
[WhiteElo "2475"]
[BlackElo "2435"]
[EventDate "1975.12.06"]
[PlyCount "130"]

1.e4 c5 2.Nf3 Nc6 3.Bb5 g6 4.O-O Bg7 5.Re1 Nf6 6.c3 O-O 7.h3 Qb6 8.Na3 d5 
9.e5 Ne8 10.d3 Nc7 11.Ba4 Ne6 12.Bb3 Qd8 13.d4 cxd4 14.cxd4 b6 15.Be3 Ba6 
16.Qd2 Rc8 17.Rad1 Qd7 18.Bh6 Na5 19.Bxg7 Kxg7 20.Bc2 Rc7 21.Ng5 Nxg5 22.
Qxg5 e6 23.h4 Qe7 24.Qf4 Rfc8 25.Bb1 b5 26.Bd3 Nc4 27.Rb1 Nxb2 28.Qf6+ 
Qxf6 29.exf6+ Kxf6 30.Rxb2 Rc3 31.Rb3 Rxb3 32.axb3 Rc3 33.Bxb5 Rxb3 34.
Bxa6 Rxa3 35.Bb5 a6 36.Be2 a5 37.f3 Ra4 38.Rd1 e5 39.dxe5+ Kxe5 40.g3 Ra2 
41.Kf2 a4 42.Ke3 d4+ 43.Kd3 Ra3+ 44.Kc4 Rc3+ 45.Kb4 Re3 46.Rd2 d3 47.Bd1 
Kd4 48.Ra2 Re1 49.Bxa4 Rg1 50.Bb3 Ke3 51.Ra7 d2 52.Rd7 Ke2 53.Re7+ Kf2 54.
Rd7 Ke1 55.Re7+ Kf2 56.Rd7 Ke2 57.Re7+ Kxf3 58.Rxf7+ Kxg3 59.Rd7 h5 60.
Rxd2 Kxh4 61.Kc3 Rf1 62.Bd5 Kg5 63.Kd3 h4 64.Ke2 Rf4 65.Ke3 Kf5 1/2-1/2

[Event "3rd Alicante it"]
[Site "Alicante ESP"]
[Date "1975.12.08"]
[Round "3"]
[White "Fraguela Gil, Jose Miguel"]
[Black "Westerinen, Heikki"]
[Result "0-1"]
[WhiteElo "2390"]
[BlackElo "2475"]
[EventDate "1975.12.06"]
[PlyCount "94"]

1.d4 Nf6 2.c4 g6 3.Nc3 Bg7 4.e4 d6 5.Nf3 O-O 6.Be2 Nbd7 7.O-O e5 8.Re1 c6 
9.Rb1 Qb6 10.dxe5 Ng4 11.Qd4 Ngxe5 12.Qxb6 Nxf3+ 13.gxf3 Nxb6 14.Bf4 Rd8 
15.Rbc1 Be6 16.b3 Be5 17.Bxe5 dxe5 18.Red1 g5 19.Kf1 Rd4 20.Bd3 Rad8 21.
Ke2 Nd7 22.Ke3 Nc5 23.Bc2 a5 24.Ne2 Rxd1 25.Rxd1 Rxd1 26.Bxd1 Kg7 27.Bc2 
Kg6 28.Ng3 h5 29.Nf1 Bh3 30.Nd2 Ne6 31.a3 Nd4 32.Bd1 c5 33.a4 Kf6 34.Nb1 
Ke6 35.Nc3 f5 36.exf5+ Bxf5 37.Ne4 Bxe4 38.Kxe4 h4 39.f4 gxf4 40.Bg4+ Kd6 
41.Bd1 Ke6 42.Bg4+ Kd6 43.Bd1 b6 44.Kd3 Ke6 45.Ke4 Kf6 46.Kd5 Kf5 47.f3 h3
0-1

[Event "3rd Alicante it"]
[Site "Alicante ESP"]
[Date "1975.12.08"]
[Round "3"]
[White "Hartston, William Roland"]
[Black "Keene, Raymond Dennis"]
[Result "1/2-1/2"]
[WhiteElo "2475"]
[BlackElo "2505"]
[EventDate "1975.12.06"]
[PlyCount "32"]

1.e4 c6 2.d4 d5 3.Nd2 dxe4 4.Nxe4 Nd7 5.Nf3 Ngf6 6.Nxf6+ Nxf6 7.Bc4 Bf5 8.
O-O e6 9.c3 Be7 10.Bg5 Bg4 11.h3 Bxf3 12.Qxf3 Nd5 13.Bxe7 Qxe7 14.Rfe1 Rd8
15.Rad1 Qf6 16.Qxf6 Nxf6 1/2-1/2

[Event "3rd Alicante it"]
[Site "Alicante ESP"]
[Date "1975.12.08"]
[Round "3"]
[White "Ochoa de Echaguen Estibalez, Francisco Javier"]
[Black "Durao, Joaquim Manuel"]
[Result "1/2-1/2"]
[WhiteElo "2200"]
[BlackElo "2350"]
[EventDate "1975.12.06"]
[PlyCount "40"]

1.e4 e6 2.d4 d5 3.Nd2 Nf6 4.e5 Nfd7 5.Bd3 c5 6.c3 Nc6 7.Ne2 Qb6 8.Nf3 cxd4
9.cxd4 f6 10.O-O fxe5 11.dxe5 Ndxe5 12.Nxe5 Nxe5 13.Nf4 Nxd3 14.Nxd3 Bd6 
15.Qh5+ g6 16.Qh6 Qd4 17.Rd1 Bf8 18.Qh3 e5 19.Qg3 Bg7 20.Bd2 Qg4 1/2-1/2

[Event "3rd Alicante it"]
[Site "Alicante ESP"]
[Date "1975.12.08"]
[Round "3"]
[White "Pomar Salamanca, Arturo"]
[Black "O'Kelly de Galway, Alberic"]
[Result "1-0"]
[WhiteElo "2450"]
[BlackElo "2445"]
[EventDate "1975.12.06"]
[PlyCount "81"]

1.d4 Nf6 2.c4 e6 3.Nc3 Bb4 4.e3 c5 5.Nf3 d5 6.Bd3 dxc4 7.Bxc4 O-O 8.O-O 
Nbd7 9.a3 cxd4 10.Qxd4 Nb6 11.axb4 Qxd4 12.Nxd4 Nxc4 13.b3 Nd6 14.Rd1 Nde4
15.Nxe4 Nxe4 16.Bb2 a6 17.Rac1 b5 18.h4 Nf6 19.f3 Bb7 20.Rc7 Rfb8 21.e4 
Ne8 22.Rc5 Rd8 23.Kf2 Rd7 24.Ke3 Rad8 25.Rd2 Kf8 26.g4 Ke7 27.g5 Kf8 28.
Rg2 Rc7 29.h5 Rdc8 30.h6 g6 31.Rgc2 Ke7 32.Ne2 Rxc5 33.bxc5 b4 34.Be5 Bc6 
35.Nd4 Kd7 36.Rd2 Ke7 37.Ra2 Bb7 38.c6 Bxc6 39.Rxa6 Bd7 40.Ra7 Nd6 41.Kf4 
1-0

[Event "3rd Alicante it"]
[Site "Alicante ESP"]
[Date "1975.12.08"]
[Round "3"]
[White "Rodriguez Vargas, Orestes"]
[Black "Tatai, Stefano"]
[Result "1-0"]
[WhiteElo "2435"]
[BlackElo "2455"]
[EventDate "1975.12.06"]
[PlyCount "87"]

1.d4 Nf6 2.c4 e6 3.Nf3 b6 4.g3 Ba6 5.Qa4 c5 6.Bg2 Bb7 7.dxc5 Bxc5 8.O-O 
O-O 9.Nc3 Be7 10.Rd1 Na6 11.Bf4 Nc5 12.Qc2 a6 13.Rd4 Bc6 14.e4 Qc8 15.Rad1
Ra7 16.e5 Ne8 17.b4 Nb7 18.Ng5 Bxg5 19.Bxg5 Bxg2 20.Kxg2 Nd8 21.Be7 Nc6 
22.Rh4 h6 23.Bxf8 Kxf8 24.Re4 Nxb4 25.Qb3 a5 26.a3 Na6 27.Qxb6 Ra8 28.Qd4 
Qc6 29.Kg1 Nc5 30.Ree1 Rc8 31.Nb5 Qa8 32.Re3 Kg8 33.Rb1 a4 34.Rb4 Rc6 35.
h3 f5 36.Nc3 Nc7 37.Qd1 N7a6 38.Rb2 Nc7 39.Qb1 Qa6 40.Rb8+ Kh7 41.g4 g6 
42.gxf5 exf5 43.Nd5 Nb3 44.Qd1 1-0

[Event "3rd Alicante it"]
[Site "Alicante ESP"]
[Date "1975.12.08"]
[Round "3"]
[White "Sanz Alonso, Francisco Javier"]
[Black "Palacios de la Prida, Ernesto"]
[Result "1/2-1/2"]
[WhiteElo "2320"]
[BlackElo "2330"]
[EventDate "1975.12.06"]
[PlyCount "75"]

1.c4 f5 2.g3 Nf6 3.Bg2 d6 4.Nc3 c6 5.d3 g6 6.Rb1 Bg7 7.b4 O-O 8.e3 e5 9.
Nge2 Be6 10.b5 d5 11.bxc6 bxc6 12.cxd5 cxd5 13.O-O Nbd7 14.Ba3 Rf7 15.d4 
Ne4 16.Na4 Rb8 17.Rxb8 Nxb8 18.dxe5 Bxe5 19.Bb2 Bxb2 20.Nxb2 Rb7 21.Nd3 
Qa5 22.Qc2 Rc7 23.Qb2 Nd7 24.h4 Bf7 25.Ndf4 Qb6 26.Rb1 Rb7 27.Qxb6 Rxb6 
28.Rd1 Ndf6 29.f3 Nd6 30.Nc3 Nc4 31.Kf2 Rb2+ 32.Nfe2 Kf8 33.Rb1 Rxb1 34.
Nxb1 Ke7 35.Nbc3 Kd6 36.Nc1 Be8 37.Ke2 Bc6 38.Nd3 1/2-1/2

[Event "3rd Alicante it"]
[Site "Alicante ESP"]
[Date "1975.12.09"]
[Round "4"]
[White "Durao, Joaquim Manuel"]
[Black "Pomar Salamanca, Arturo"]
[Result "0-1"]
[WhiteElo "2350"]
[BlackElo "2450"]
[EventDate "1975.12.06"]
[PlyCount "78"]

1.d4 Nf6 2.c4 e6 3.Nc3 Bb4 4.e3 {Esta tranquila jugada se puso de moda en 
los aÅ„os setenta. Su idea principal es acelerar el desarrollo.} 4...O-O 
5.Bd3 d5 6.Ne2 ( {El desarrollo de este caballo por la casilla î€Že2î€� es
inferior a la jugada normal y m ¿½s empleada} 6.Nf3 ) 6...b6 {Pomar se 
decide por una l ¿½nea poco complicada.} ( {Con} 6...c5 {se equilibrar ¿½a
r ¿½pidamente el juego y en ciertas posiciones se obten ¿½a posici ¿½n 
preferible} ) 7.O-O Ba6 8.cxd5 Bxd3 9.Qxd3 exd5 10.Ng3 ( {Las blancas 
conservan la ligera ventaja que da jugar primero, pcro ante el pac ¿½fico 
juego de Pomar es interesante la l ¿½nea} 10.f3 Re8 11.e4 {dominando el 
centro y manteniendo la iniciativa.} ) 10...Nbd7 11.Qb5 {El movimiento de 
dama facilita que las negras consigan un juego sin problema alguno.} ( {Se
impon ¿½a el desarrollo normal del juego con} 11.Bd2 Re8 12.Rac1 ) 11...c5
12.dxc5 bxc5 13.Bd2 Rb8 14.Qe2 Ne5 15.Rfd1 c4 16.Nf5 Re8 17.Nd4 Qd7 18.b3 
Nd3 {Sin grandes alardes estrat ¿½gicos, las negras han conseguido una 
clara actividad de sus piezas y una posici ¿½n superior.} 19.Rab1 Bc5 20.
Qf3 Bxd4 ( {Pomar se limita a mantener su ventaja, pero con} 20...Ne4 21.
Nf5 Re5 {se entra en una compleja posici ¿½n con las mejores perspectivas 
para el bando negro.} ) 21.exd4 Ne4 22.Nxe4 dxe4 $1 ( {No es bueno} 22...
Rxe4 23.bxc4 Nb2 24.Qa3 {con superioridad decisiva} ) 23.Qg3 cxb3 24.Rxb3 
Rxb3 25.axb3 Qxd4 $1 26.Be3 Qb2 27.Bxa7 Qxb3 28.Rf1 f5 {Con un pe ¿½n de 
ventaja y mejor final, el desenlace es cuesti ¿½n s ¿½lo de tiempo.} 29.
Bd4 Qf7 30.Ra1 f4 $1 31.Qg5 h6 {Pomar se confia en exceso} ( {Era bueno} 
31...Qd7 $1 32.Bb6 h6 33.Qh5 Qc6 $1 ) 32.Qb5 Rc8 33.h3 Rc1+ ( {Antes hab 
¿½a que jugar} 33...f3 $1 ) 34.Rxc1 Nxc1 35.Be5 $2 {Durao desprecia su 
oportunidad.} ( {Era necesario} 35.Bxg7 Kxg7 36.Qb2+ Qf6 37.Qxc1 Qe5 {y a 
pesar de tener mejor final, las negras deber ¿½an conformarse con el 
empate.} ) 35...Nd3 36.Bd4 Qg6 {Pomar ahora decide con autoridad} 37.Be5 
Kh7 38.Bc7 {Facilita el remate final} 38...e3 $1 39.fxe3 fxe3 $138 0-1

[Event "3rd Alicante it"]
[Site "Alicante ESP"]
[Date "1975.12.09"]
[Round "4"]
[White "Fraguela Gil, Jose Miguel"]
[Black "Sanz Alonso, Francisco Javier"]
[Result "1/2-1/2"]
[WhiteElo "2390"]
[BlackElo "2320"]
[EventDate "1975.12.06"]
[PlyCount "42"]

1.d4 Nf6 2.c4 e6 3.Nf3 b6 4.g3 Bb7 5.Bg2 Be7 6.O-O O-O 7.Nc3 Ne4 8.Qc2 
Nxc3 9.Qxc3 d6 10.Qc2 f5 11.d5 e5 12.e4 fxe4 13.Qxe4 Nd7 14.Bd2 a5 15.b3 
Nc5 16.Qe3 Bf6 17.Bc3 Bc8 18.Nd2 Bg5 19.Qe2 Bf5 20.Ne4 Nxe4 21.Bxe4 Qd7 
1/2-1/2

[Event "3rd Alicante it"]
[Site "Alicante ESP"]
[Date "1975.12.09"]
[Round "4"]
[White "Keene, Raymond Dennis"]
[Black "Rodriguez Vargas, Orestes"]
[Result "1/2-1/2"]
[WhiteElo "2505"]
[BlackElo "2435"]
[EventDate "1975.12.06"]
[Annotator "Keene,Raymond"]
[PlyCount "80"]

1.d4 Nf6 2.c4 c5 3.d5 g6 4.Nc3 Bg7 5.e4 d6 6.Bd3 e6 ( {A considerar es} 
6...O-O $5 {, seguido de ...e5.} ) 7.h3 exd5 8.exd5 O-O 9.Nf3 Re8+ 10.Be3 
Na6 ( 10...Bh6 11.O-O Bxe3 12.fxe3 Rxe3 13.Qd2 {, seguido de Dh6, concede 
excelente compensaci ¿½n a las blancas. Si las negras no toman el pe ¿½n 
de "e3", las blancas tienen iniciativa en la columna "f". En mi opini ¿½n,
las negras ganaron esta posici ¿½n en la partida Gligoric - Polugaievsky, 
Manila, 1975, porque las blancas jugaron demasiado agresivamente.} ) 11.
O-O Nc7 12.a4 Na6 $6 13.Rc1 Nb4 14.Bb1 a6 15.Qd2 {[Amenaza Ag5, seguido de
Df4, con ventaja. ]} 15...b5 $5 16.axb5 ( {Con} 16.b3 $5 {, las blancas 
mantienen una peque@en a ventaja.} ) 16...axb5 17.Nxb5 Ba6 18.Na3 Ne4 19.
Bxe4 Rxe4 20.Bh6 $6 ( {Correcto era} 20.Bg5 $1 Qd7 21.Bh6 {, con mejor 
juego para el blanco.} ) 20...Qf6 $1 ( {Si} 20...Bh8 21.Rfe1 Qe7 22.Rxe4 
Qxe4 23.Re1 Qd3 24.Qf4 Bxb2 25.Qxd6 $1 Qxa3 26.Qe7 Qa4 27.Ng5 $18 {, 
ganando.} ) 21.Bxg7 Kxg7 22.Rfe1 Rf4 23.Qc3 Qxc3 24.Rxc3 Na2 25.Rc2 Nb4 
26.Rc3 Na2 27.Rce3 Bxc4 $1 28.g3 Rxf3 29.Rxf3 Bxd5 30.Rd3 Nb4 31.Rd2 Rb8 
32.Re3 c4 {[La posici ¿½n est ¿½ equilibrada. ]} 33.Rd4 Be6 34.Rxd6 Nd3 
35.Rexe6 {[Necesario. ]} 35...fxe6 36.Nxc4 Nxb2 37.Ne5 ( {Tambi ¿½n es 
tablas} 37.Rd7+ Kf6 38.Nxb2 Rxb2 39.Rxh7 {, pero las negras tendr ¿½an 
mayores problemas que resolver.} ) 37...Kf6 38.f4 Rb7 39.Rd4 Ra7 40.Kg2 
Na4 1/2-1/2

[Event "3rd Alicante it"]
[Site "Alicante ESP"]
[Date "1975.12.09"]
[Round "4"]
[White "O'Kelly de Galway, Alberic"]
[Black "Hartston, William Roland"]
[Result "1/2-1/2"]
[WhiteElo "2445"]
[BlackElo "2475"]
[EventDate "1975.12.06"]
[PlyCount "29"]

1.c4 c5 2.Nc3 g6 3.g3 Bg7 4.Bg2 Nc6 5.e3 e6 6.Nge2 Nge7 7.O-O O-O 8.d4 
cxd4 9.Nxd4 d5 10.cxd5 Nxd4 11.exd4 Nxd5 12.Nxd5 exd5 13.Qb3 Be6 14.Be3 
Qd7 15.Rfc1 1/2-1/2

[Event "3rd Alicante it"]
[Site "Alicante ESP"]
[Date "1975.12.09"]
[Round "4"]
[White "Palacios de la Prida, Ernesto"]
[Black "Ochoa de Echaguen Estibalez, Francisco Javier"]
[Result "1/2-1/2"]
[WhiteElo "2330"]
[BlackElo "2200"]
[EventDate "1975.12.06"]
[PlyCount "71"]

1.d4 c5 2.d5 Nf6 3.Nc3 d6 4.e4 g6 5.f3 Bg7 6.Be3 a6 7.a4 Nbd7 8.Qd2 h5 9.
Nh3 Ne5 10.Nf2 b6 11.Be2 Qc7 12.O-O h4 13.Bg5 h3 14.g3 Ra7 15.Rae1 Kf8 16.
Kh1 Kg8 17.Qd1 Ned7 18.f4 Ra8 19.Bf3 Bb7 20.Re3 Re8 21.Rfe1 Nh7 22.Nxh3 f6
23.Bh4 Bh6 24.Bg2 Bc8 25.g4 g5 26.fxg5 Nxg5 27.Nxg5 Bxg5 28.Bxg5 fxg5 29.
Qd2 Ne5 30.Rh3 Rxh3 31.Qxg5+ Kh7 32.Bxh3 Rf8 33.Qh5+ Kg7 34.Qg5+ Kh7 35.
Qh5+ Kg7 36.Qg5+ 1/2-1/2